Hacia una ciencia general del derecho: meditaciones ante el panorama jurídico

Guardat en:
Dades bibliogràfiques
Autor principal: Mans Puigarnau, Jaime M. (autor)
Format: Llibre
Publicat: Barcelona, España: Bosch, 1970.
Edició:Segunda edición. Revisada y ampliada.
Matèries:
Etiquetes: Afegir etiqueta
Sense etiquetes, Sigues el primer a etiquetar aquest registre!

MARC

LEADER 00000nam a22000007a 4500
003 CL-VaPUC
005 20230126083027.0
008 220708t1962 ||||| |||| 00| 0 eng d
999 |c 436870  |d 436868 
040 |c Pontificia Universidad Católica de Valparaíso 
082 0 4 |a 340.1 MAN 1962   |2 21 
100 |a Mans Puigarnau, Jaime M.  |e autor  |9 520275 
245 1 0 |a Hacia una ciencia general del derecho: meditaciones ante el panorama jurídico 
250 |a Segunda edición. Revisada y ampliada.  
260 |a Barcelona, España:   |b Bosch,   |c 1970. 
300 |a 209 páginas.  
500 |a c.1 Donación Familia Prof. Alejandro Guzmán Brito. 
583 |a last modification  |c 19971113 00:00:00  |k GC 
650 0 |a Teoría del derecho  |9 255982 
650 0 |a Ciencia del Derecho  |9 391907 
650 0 |a Filosofía del derecho   |9 255050 
650 0 |a Moral y derecho  |9 393265 
650 0 |a Justicia   |9 255408 
650 0 |a Derecho público   |9 255910 
650 0 |a Derecho privado  |9 258243 
942 |c BK  |2 ddc 
952 |0 0  |1 0  |2 ddc  |4 0  |6 340_100000000000000_MAN_1962  |7 0  |8 C_AGB  |9 584600  |a BIBDER  |b BIBDER  |d 2022-07-08  |e Donación   |i 5652721  |o 340.1 MAN 1962  |p 5652721  |r 2023-01-25  |t 1  |w 2022-07-08  |y BK_US  |k AGB